000
00334 a2200157 4500
001
160279
020
_a
040
_c
Magnum
100
_a
Murray, Roseana
240
1
0
_a
Tantos medos e outras coragens
_l
por
245
1
0
_a
Tantos medos e outras coragens
362
0
_a
1899
440
1
_a
FTD
697
_a
IJ/CONTOS
942
_c
BK
999
_c
160279
_d
160279